| 000 | 00507nam a2200193 a 4500 | ||
|---|---|---|---|
| 005 | 20240320063653.0 | ||
| 008 | 991125s1983 mx 000 0 spa u | ||
| 020 | _a9681314026 | ||
| 035 | _aUPN01000027493 | ||
| 049 | _aCG | ||
| 050 | 4 |
_aPS374 D4 _bP3.38 |
|
| 100 | 1 | _aPalmer, Michael | |
| 245 | 1 | 3 |
_aLa hermandad / _cMichael Palmer ; tr. Mauricio José |
| 260 |
_aMéxico : _bEdivisión, _c1983 |
||
| 300 | _a287 p. | ||
| 650 | 4 |
_aNovela estadounidense _94462 |
|
| 904 |
_aAC _b027494 |
||
| 905 | _aLibro | ||
| 999 |
_c27493 _d27493 |
||